| 000 | 01535nam a22002177a 4500 | ||
|---|---|---|---|
| 003 | OSt | ||
| 005 | 20260602142954.0 | ||
| 008 | 260602b |||||||| |||| 00| 0 eng d | ||
| 020 | _a9781400246748 | ||
| 040 | _aKenya National Library Service | ||
| 082 | _a813.6 WAL | ||
| 100 |
_aWalsh, Jenni L. _eAuthor |
||
| 245 |
_aACE, Marvel, spy : _ba novel of Alice Marble / _cJenni L. Walsh. |
||
| 300 |
_a320 pages ; _c21 cm. |
||
| 520 | _aBased on the life of a very real, little-known hero. Alice Marble has it all. Alice has worked her way up to be a #1 tennis champion, all while maintaining a growing career trajectory editing the Wonder Women comic. She enjoys her hard-earned success with her loving husband, her supportive coach, and her dear friends-many of whom are famous and well-connected. But her world soon falls apart. Alice's life begins to unravel when she receives a telegram informing her that her husband has been killed in action in the war in Germany. Heartbroken, she feels like she can only watch as the war wreaks havoc in every area of her life. Then an unexpected invitation arrives. Alice is prompted to action when the US Army sends her a request: Under the guise of playing in tennis exhibition games in Switzerland, she would be a spy for them. And Alice aches for nothing more than to avenge her husband's death. | ||
| 650 | _aBiographical fiction. | ||
| 650 |
_aWomen spies _vUnited States _xFiction. |
||
| 942 |
_2ddc _cBK _n0 |
||
| 999 |
_c492962 _d492962 |
||